Normal view
MARC view
- شابرا، محمد عمر ؛ ترجمة: سيد محمد سكر ؛ مراجعة رفيق المصري
Entry Personal Name
001 - CONTROL NUMBER
- control field: 56589
003 - CONTROL NUMBER IDENTIFIER
- control field: JO-AjAnu
005 - DATE AND TIME OF LATEST TRANSACTION
- control field: 20230606083255.0
008 - FIXED-LENGTH DATA ELEMENTS
- fixed length control field: 230606|| aca||aabn | a|a d
040 ## - CATALOGING SOURCE
- Original cataloging agency: JO-AjAnu
- Transcribing agency: JO-AjAnu
100 ## - HEADING--PERSONAL NAME
- Personal name: شابرا، محمد عمر ؛ ترجمة: سيد محمد سكر ؛ مراجعة رفيق المصري
670 ## - SOURCE DATA FOUND
- Source citation: Work cat.: (JO-AjAnu)28875: شابرا، محمد عمر ؛ ترجمة: سيد محمد سكر ؛ مراجعة رفيق المصري, author, نحو نظام نقدي عادل: دراسة للنقود والمصارف والسياسة النقدية في ضوء الإسلام